000
00253nam a2200109Ia 4500
008
220204s9999 xx 000 0 und d
082
_a
82-3
_b
SHE;1
100
_a
Shelly, Mary
245
0
_a
Frankenstein
260
_a
New Delhi
_b
Orient
_c
1976
942
_c
BK
999
_c
38224
_d
38224